| 000 | 01138cam a2200289 a 4500 | ||
|---|---|---|---|
| 999 |
_c42 _d42 |
||
| 001 | .b13386797 | ||
| 003 | OSt | ||
| 005 | 20190724110003.0 | ||
| 008 | 160114t20152014nyu 000 0 eng | ||
| 020 |
_a9780147510723 _q(pbk.) : |
||
| 035 | _a(OCoLC)892041332 | ||
| 040 |
_aYDXCP _beng _cKH8 |
||
| 042 | _anbic | ||
| 082 | _aFIC AND | ||
| 100 | 1 |
_aAnderson, Laurie Halse. _eauthor |
|
| 245 | 1 | 4 |
_aThe impossible knife of memory / _cLaurie Halse Anderson. |
| 260 |
_aNew York : _bSpeak, _c2015, c2014. |
||
| 300 |
_a391, [9], 8 p. ; _c21 cm. |
||
| 500 | _aIncludes discussion questions, Q & A with the author and excerpt of "Wintergirls" | ||
| 500 | _aIncludes resources for readers and their families. | ||
| 520 |
_a"Hayley Kincaid and her father move back to their hometown to try a "normal" life, but the horrors he saw in the war threaten to destroy their lives"-- _cProvided by publisher. |
||
| 650 | 0 |
_aFathers and daughters _vJuvenile fiction. |
|
| 650 | 0 |
_aPost-traumatic stress disorder _vJuvenile fiction. |
|
| 650 | 0 |
_aDysfunctional families _vJuvenile fiction. |
|
| 650 | 0 |
_aVeterans _vJuvenile fiction. |
|
| 942 |
_2ddc _cFIC |
||